OECD Economic Outlook 102 November 2017

Salvato in:
Dettagli Bibliografici
Natura: Libro
Lingua:inglese
Pubblicazione: Paris OECD 2017
Serie:OECD Economic Outlook
Soggetti:
Tags: Aggiungi Tag
Nessun Tag, puoi essere il primo ad aggiungerne!!

MARC

LEADER 00000nam a2200000 4500
001 0242271
005 20240314123244.8
020 |a 978-92-64-28678-8 
041 0 |a eng 
044 |a FR 
245 1 0 |a OECD Economic Outlook 102  |b November 2017 
264 1 |a Paris  |b OECD  |c 2017 
300 |a 321 s. 
490 1 |a OECD Economic Outlook 
830 0 |a OECD Economic Outlook 
610 2 0 |a situácia hospodárska 
610 2 0 |a makroekonomika 
610 2 0 |a analýzy 
610 2 0 |a prognózy 
610 2 0 |a rast hospodársky 
610 2 0 |a sektor súkromný 
610 2 0 |a dlhy 
610 2 0 |a politika finančná 
610 2 0 |a politika hospodárska 
610 2 0 |a rozvoj hospodársky 
610 2 0 |a eurozóna 
610 2 0 |a ukazovatele ekonomické 
610 2 0 |a porovnanie štatistické medzinárodné